Estadísticas para ¿Qué artista?

Haz click aquí para intentar la prueba.

Estadísticas generales

  • Esta prueba ha sido intentada 45 veces
  • La puntuación promedio es 34 de 72

Estadísticas de respuestas

PistaRespuesta% Correcto
(A) Un verano sin tiBad Bunny
92%
BichotaKarol G
92%
(A) MotomamiRosalía
92%
Se PreparóOzuna
89%
WAKA WAKAShakira
86%
(A) LEGENDADDYDaddy Yankee
83%
Pareja Del AñoSebastián Yatra
81%
She Don't Give a FoDuki
78%
(A) .mp3Emilia Mernes
78%
(A) FerxxocalipsisFeid
75%
MiéntemeTini
75%
(A) Real Hasta La MuerteAnuel AA
72%
HawáiMaluma
72%
MamichulaTrueno
72%
Tú Me Dejaste De QuererC. Tangana
69%
(A) ColoresJ Balvin
69%
La BachataManuel Turizo
69%
(A) ESTRELLAMora
69%
Adán y EvaPaulo Londra
69%
(A) Dónde Quiero EstarQuevedo
67%
Otro TragoSech
64%
Corazón VacíoMaria Becerra
61%
PELELEMorad
61%
(A) La Vida Es UnaMyke Towers
61%
Chulo pt.2Bad Gyal
58%
PepasFarruko
58%
HolandaJhayco
58%
Yankee 150Yandel
58%
(A) MALA SANTABecky G
56%
(A) Playa SaturnoRauw Alejandro
56%
Quién es Dei V?Dei V
53%
(A) El DragónLola Índigo
50%
SolteraLunay
47%
CriminalNatti Natasha
47%
4KEl Alfa
44%
Qué le pasa conmigo?Nicki Nicole
44%
Escápate ConmigoWisin
44%
VIVIR ASÍ ES MORIR DE AMORNathy Peluso
42%
BELLAKEOPeso Pluma
42%
WiggyYoung Miko
42%
TraductorTiago PZK
39%
(A) Sentimiento, Elegancia y Maldad)Arcángel
36%
(A) La OscuridadBryant Myers
36%
A 300JC Reyes
36%
Mi LuzRVFV
36%
(A) Saliendo del planetaSaiko
36%
(A) Mis ManosCamilo
33%
(A) Sol MaríaEladio Carrión
33%
La Llama del AmorOmar Montes
33%
Ella no es tuyaRochy RD
33%
Sangre y FeCruz Cafuné
31%
un x100toGrupo Frontera
31%
(A) DATATainy
28%
(A) en dormir sin MadridBizarrap
25%
La Trampa Es LeyLit Killah
25%
CaileLuar la L
25%
MilagrosaMilo J
25%
LACONEPolimá Westcoast
25%
ProblemónÁlvaro Díaz
22%
LocoJustin Quiles
22%
RuedaChimbala
17%
My LoveDe La Ghetto
17%
X'CLUSIVOGonzy
14%
(A) ÍntimoNicky Jam
14%
LOS DUEÑOS DE LA CALLEOmar Courtz
14%
VibrasPablo Chill-E
14%
MaloryRyan Castro
14%
TU$$IYovngchimi
14%
Un CigarrilloChencho Corleone
11%
(A) PartysonCris MJ
8%
(A) VIVA EL PERREOJowell y Randy
6%
(A) TRAPiiJay Wheeler
3%

Distribución de puntuación

Porcentaje por número respondido

Porcentaje de gente con cada puntuación

Historial de tus puntuaciones

No has intentado esta prueba.